000 00759nam a2200277Ia 4500
001 Z_5642
003 CHAP
008 220113s2008 xx 000 0 und d
010 _a168742
020 _a13-978-968-18-7171-0
040 _cCHAP
082 _a332.67 R6
100 _aRodríguez Cairo, Vladimir
_9143013
245 _aFormulación y evaluación de proyectos /
_cVladimir Rodríguez Cairo, Raúl Bao García y Luis Cárdenas Lucero
260 _aMéxico, D.F. :
_bLimusa,
_c2008
300 _a454 p.
503 _ac/e
650 _aProyectos
_xInversión
_9142824
700 _aBao García, Raúl II. Cárdenas Lucero, Luis
_9143014
901 _a332.67 R6
902 _aA
910 _a2008
942 _c1
942 _cc1
999 _c168742
_d168742